175 éve született A demokrácia Amerikában írója: Clerel Alexis de Tocqueville
Elmentve itt :
| Szerző: | |
|---|---|
| Adatforrás: | Philobibl |
| Forrásdokumentuma: | Magyar Filozófiai Szemle 25 1981/5., 673-688. p. |
| Dokumentumtípus: | Cikk |
| Nyelv: | magyar |
| Kulcsszavak: | Tocqueville |
| LEADER | 00375nab a2200109 c 4500 | ||
|---|---|---|---|
| 001 | bibDOK00008554 | ||
| 005 | 20200924120422.1 | ||
| 008 | 060518s1981 xx hun | ||
| 100 | 1 | |a Vikol Katalin | |
| 245 | 1 | 0 | |a 175 éve született A demokrácia Amerikában írója: Clerel Alexis de Tocqueville |c Vikol Katalin |
| 695 | |a Tocqueville | ||
| 773 | 0 | |t Magyar Filozófiai Szemle 25 |g 1981/5., 673-688. p. | |